|
|
|
|
| LEADER |
00000naa a22000002c 4500 |
| 001 |
1743526644 |
| 003 |
DE-627 |
| 005 |
20201223044952.0 |
| 007 |
tu |
| 008 |
201223s2016 xx ||||| 00| ||ger c |
| 020 |
|
|
|a 9783867720564
|
| 035 |
|
|
|a (DE-627)1743526644
|
| 035 |
|
|
|a (DE-599)KXP1743526644
|
| 040 |
|
|
|a DE-627
|b ger
|c DE-627
|e rda
|
| 041 |
|
|
|a ger
|
| 084 |
|
|
|a 0
|2 ssgn
|
| 100 |
1 |
|
|e VerfasserIn
|0 (DE-588)118617443
|0 (DE-627)133368343
|0 (DE-576)163181322
|4 aut
|a Steiner, Rudolf
|d 1861-1925
|
| 109 |
|
|
|a Staïner, Runtolph 1861-1925
|a Stainer, Runtolph 1861-1925
|a Štejner, Rudol'f 1861-1925
|a Shteiner, Rudol'f 1861-1925
|a Šteineris, Rudolfas 1861-1925
|a Štāinir, Rūdūlf 1861-1925
|a Shutainā 1861-1925
|a Štajner, Rudolf 1861-1925
|a Shtainer, Rudol'f 1861-1925
|a Šteiners, Rūdolfs 1861-1925
|a Steiner, Rudolph 1861-1925
|a Štajner, Rudol'f 1861-1925
|a Štaineri, Rudolp 1861-1925
|a Steiner, Rudolf Joseph Lorenz 1861-1925
|a Steiner, Rudolf 1861-1925
|a Shutaina, Rudorufu 1861-1925
|a Shutainā, Rūdorufu 1861-1925
|a Ištāynir, Rūdulf 1861-1925
|
| 245 |
1 |
0 |
|a Artus-Ritter und Parzival-Mensch
|b Wie das Denken Materie vernichtet und die Liebe Welten schafft (5. Vortrag, 16.5.1920)
|
| 264 |
|
1 |
|c 2016
|
| 336 |
|
|
|a Text
|b txt
|2 rdacontent
|
| 337 |
|
|
|a ohne Hilfsmittel zu benutzen
|b n
|2 rdamedia
|
| 338 |
|
|
|a Band
|b nc
|2 rdacarrier
|
| 601 |
|
|
|a Vortrag
|
| 773 |
0 |
8 |
|i Enthalten in
|a Steiner, Rudolf, 1861 - 1925
|t Natur und Moral
|b Erste Auflage
|d Bad Liebenzell : Rudolf Steiner Ausgaben, 2016
|g (2016), Seite 101-150
|h 183 Seiten
|w (DE-627)857708341
|w (DE-576)470822376
|z 9783867720564
|z 3867720568
|7 nnam
|
| 773 |
1 |
8 |
|g year:2016
|g pages:101-150
|
| 935 |
|
|
|a mteo
|
| 951 |
|
|
|a AR
|
| ELC |
|
|
|b 1
|
| LOK |
|
|
|0 000 xxxxxcx a22 zn 4500
|
| LOK |
|
|
|0 001 382831886X
|
| LOK |
|
|
|0 003 DE-627
|
| LOK |
|
|
|0 004 1743526644
|
| LOK |
|
|
|0 005 20201223044952
|
| LOK |
|
|
|0 008 201223||||||||||||||||ger|||||||
|
| LOK |
|
|
|0 035
|a (DE-Tue135)857708341_2016_101
|
| LOK |
|
|
|0 040
|a DE-Tue135
|c DE-627
|d DE-Tue135
|
| LOK |
|
|
|0 092
|o n
|
| LOK |
|
|
|0 852
|a DE-Tue135
|
| LOK |
|
|
|0 852 1
|9 00
|
| LOK |
|
|
|0 935
|a imwa
|a ixau
|a rwrk
|
| LOK |
|
|
|0 939
|a 23-12-20
|b l01
|
| ORI |
|
|
|a SA-MARC-ixtheoa001.raw
|
| REL |
|
|
|a 1
|
| SUB |
|
|
|a REL
|